Multicore and GPU Programming (رقم التسجيلة. 79389)

تفاصيل مارك
000 -الفاتح
حقل البيانات ثابتة الطول 02801cam a2200397 a 4500
001 - رقم الضبط
رقم الضبط 1safari9780124171374
003 - محدد رقم الضبط
رقم الضبط CaSebORM
005 - وقت وتاريخ اخر تعامل مع التسجيلة
رقم الضبط 20210304175138.0
006 - عناصر البيانات ثابتة الطول - خصائص المادة الاضافية-معلومات عامة
حقل البيانات ثابتة الطول m o d
007 - الحقل الثابت للوصف المادى- معلومات عامة
حقل البيانات ثابتة الطول cr cn
008 - عناصر البيانات ثابتة الطول - معلومات عامة
حقل البيانات ثابتة الطول 150115s2014 xx o eng
020 ## - الرقم الدولى المعيارى للكتب
الرقم الدولى المعيارى للكتاب الملغى /الخاطئ 9780124171404
020 ## - الرقم الدولى المعيارى للكتب
الرقم الدولى المعيارى للكتاب الملغى /الخاطئ 9780124171374
020 ## - الرقم الدولى المعيارى للكتب
الرقم الدولى المعيارى للكتاب الملغى /الخاطئ 9780124171404
024 8# - معرف معيارى اخر
الرقم او الرمز المعيارى C2013006820X
024 8# - معرف معيارى اخر
الرقم او الرمز المعيارى 9780124171374
035 ## - رقم ضبط النظام
رقم ضبط النظام (CaSebORM)9780124171374
040 ## - مصدر الفهرسة
وكالة الفهرسة الأصلية Ma-Un
وكالة النسخ Ma-Un
041 0# - رمز اللغة
رمز لغة النص/ المسارات الصوتية أو العنوان الانفرادي eng
082 ## - رقم تصنيف ديوى العشرى
رقم الطبعة 22
رقم التصنيف 004.6
رقم المادة BGM
100 1# - المدخل الرئيسى - إسم شخصى
الإسم الشخصى Barlas, Gerassimos,
الدور author
9 (RLIN) 88234
245 10 - بيان العنوان
العنوان Multicore and GPU Programming
الوسيط [electronic resource] /
بيان المسئوليه,etc Barlas, Gerassimos
250 ## - بيان الطبعة
بيان الطبعة 1st edition
264 #1 - النشر, التوزيع, ETC. (IMPRINT)
اسم الناشر او الموزع Morgan Kaufmann,
تاريخ النشر أو التوزيع 2014
300 ## - الوصف المادى
التعداد 1 online resource (698 pages)
506 ## - تبصرة قيود الاتاحة
قيود الإتاحة Available to OhioLINK libraries
520 ## - التبصرة الخاصة بالتعليق أو التلخيص
ملخص,الخ Multicore and GPU Programming offers broad coverage of the key parallel computing skillsets: multicore CPU programming and manycore "massively parallel" computing. Using threads, OpenMP, MPI, and CUDA, it teaches the design and development of software capable of taking advantage of today's computing platforms incorporating CPU and GPU hardware and explains how to transition from sequential programming to a parallel computing paradigm. Presenting material refined over more than a decade of teaching parallel computing, author Gerassimos Barlas minimizes the challenge with multiple examples, extensive case studies, and full source code. Using this book, you can develop programs that run over distributed memory machines using MPI, create multi-threaded applications with either libraries or directives, write optimized applications that balance the workload between available computing resources, and profile and debug programs targeting multicore machines. Comprehensive coverage of all major multicore programming tools, including threads, OpenMP, MPI, and CUDA Demonstrates parallel programming design patterns and examples of how different tools and paradigms can be integrated for superior performance Particular focus on the emerging area of divisible load theory and its impact on load balancing and distributed systems Download source code, examples, and instructor support materials on the book's companion website
533 ## - تبصرة الاستنساخ
نوع الاستنساخ Electronic reproduction.
مكان الاستنساخ Boston, MA :
الوكالة المسؤولة عن الاستنساخ Safari,
تبصرة بخصوص الاستنساخ Available via World Wide Web.
تاريخ الاستنساخ 2015
538 ## - تبصرة تفاصيل النظام
تبصرة التفاصيل الفنية لملف الحاسب Mode of access: World Wide Web
550 ## - تبصرة الهيئة الناشرة
تبصرة الهيئة الناشرة Made available through: Safari, an O'Reilly Media Company
655 #7 - مصطلح تكشيفى-نوع/شكل
بيانات النوع/ الشكل أو المصطلح الأساسي Electronic books.
مصدر المصطلح local
9 (RLIN) 88235
710 2# - المدخل الاضافى - اسم هيئه
اسم الهيئة أو اسم السلطة كمدخل Ohio Library and Information Network
9 (RLIN) 88236
710 2# - المدخل الاضافى - اسم هيئه
اسم الهيئة أو اسم السلطة كمدخل Safari, an O'Reilly Media Company
9 (RLIN) 88237
856 40 - الوصول و الموقع الالكترونى
مواد محددة Safari Books Online
تبصرة عامة Connect to resource
معرف المصدر الموحد <a href="https://learning.oreilly.com/library/view/-/9780124171374/?ar">https://learning.oreilly.com/library/view/-/9780124171374/?ar</a>
942 ## - عناصر المدخل الإضافي( كوها)
مصدر التصنيف او مخطط الترفيف Dewey Decimal Classification
Koha [default] item type كتاب
المقتنيات
حالة الفقد نموذج السعر الفعال حالة تلف ليس للاعارة رقم الطلب تاريخ الاكتساب الموقع الحالي الباركود الفرع الرئيسي Date last seen نوع المادة فى نظام كوها مصدر التصنيف او خطة الترفيف Total Checkouts
  2021-03-04     004.6 BGM 2021-03-04 المكتبة المركزية بالمجمعة (CL) 00167067 المكتبة المركزية بالمجمعة (CL) 2021-03-04 كتاب Dewey Decimal Classification  
  2021-03-04     004.6 BGM 2021-03-04 المكتبة المركزية بالمجمعة (CL) 00167068 المكتبة المركزية بالمجمعة (CL) 2021-03-04 كتاب Dewey Decimal Classification  
  2021-03-04     004.6 BGM 2021-03-04 المكتبة المركزية بالمجمعة (CL) 00167069 المكتبة المركزية بالمجمعة (CL) 2021-03-04 كتاب Dewey Decimal Classification  
  2021-03-04     004.6 BGM 2021-03-04 قسم الاجراءات الفنية (IC) 00167155 قسم الاجراءات الفنية (IC) 2021-03-04 كتاب Dewey Decimal Classification  
  2021-03-04     004.6 BGM 2021-03-04 قسم الاجراءات الفنية (IC) 00167156 قسم الاجراءات الفنية (IC) 2021-03-04 كتاب Dewey Decimal Classification  
  2021-03-04     004.6 BGM 2021-03-04 مكتبة مجمع الكليات بالزلفى - طلاب (SZM) 00167153 مكتبة مجمع الكليات بالزلفى - طلاب (SZM) 2021-03-04 كتاب Dewey Decimal Classification  
  2021-03-04     004.6 BGM 2021-03-04 مكتبة مجمع الكليات بالزلفى - طلاب (SZM) 00167154 مكتبة مجمع الكليات بالزلفى - طلاب (SZM) 2021-03-04 كتاب Dewey Decimal Classification